000 00299nam a22001217a 4500
008 180519b xxu||||| |||| 00| 0 eng d
041 _aeng
080 _a043.3
100 _a0
101 _aSHKI-MA
245 _aSherbimi Kualitativ ne Routing Protokol AD-HOC Rrjete
_cHasani, G.P
942 _2udc
_cBK
999 _c46028
_d46028